All 1M+ Cities in China - Statistics

General Stats
  • This quiz has been taken 44 times
  • The average score is 29 of 117
Answer Stats
Province Population (Millions) City Name % Correct
Municipality 20.4 Beijing
100%
Guangdong 45.6 Guangzhou
100%
Municipality 35.9 Shanghai
100%
Municipality 13.2 Tianjin
95%
Sichuan 9.8 Chengdu
85%
Hubei 8.9 Wuhan
85%
Municipality 8.1 Chongqing
80%
Autonomous Territory 7.5 Hong Kong
75%
Fujian 9.9 Xiamen
75%
Zhejiang 8.3 Hangzhou
65%
Liaoning 7.9 Shenyang
65%
Guangdong 7.7 Shantou
60%
Xinjiang 4 Urumqi
60%
Shanxi 6.8 Xi'an
60%
Heilongjiang 5.2 Harbin
55%
Jiangsu 6.7 Nanjing
55%
Henan 5.4 Zhengzhou
55%
Liaoning 4.6 Dalian
50%
Guizhou 3.2 Guiyang
50%
Anhui 4.825 Hefei
50%
Yunnan 4.05 Kunming
50%
Shandong 6 Qingdao
50%
Jilin 3.7 Changchun
45%
Hunan 4.75 Changsha
45%
Fujian 4.25 Fuzhou
45%
Guangxi 3.4 Nanning
45%
Hebei 4.4 Shijiazhuang
45%
Hainan 1.86 Haikou
40%
Shandong 4.25 Jinan
40%
Gansu 2.8 Lanzhou
40%
Zhejiang 5.3 Wenzhou
40%
Inner Mongolia 2.2 Baotou
35%
Inner Mongolia 1.86 Hohhot
35%
Guangdong 2.75 Huizhou
35%
Jiangxi 3.8 Nanchang
35%
Zhejiang 3.225 Ningbo
35%
Shaanxi 4.125 Taiyuan
35%
Hebei 2.8 Tangshan
35%
Liaoning 2.6 Anshan
30%
Henan 2.6 Luoyang
30%
Jiangsu 2.825 Xuzhou
30%
Shandong 3.5 Zibo
30%
Heilongjiang 1.64 Daqing
25%
Shandong 2.025 Linyi
25%
Zhejiang 2.25 Taizhou
25%
Shandong 2.15 Yantai
25%
Anhui 2 Huainan
20%
Jiangsu 2.025 Nantong
20%
Qinghai 1.42 Xining
20%
Henan 2.175 Xinxiang
20%
Guangdong 1.28 Zhanjiang
20%
Guangdong 1.61 Zhuhai
20%
Hebei 1.85 Baoding
15%
Zhejiang 1.97 Cixi
15%
Shanxi 1.64 Datong
15%
Guangxi 1.5 Guilin
15%
Hunan 1.76 Hengyang
15%
Jiangsu 2.5 Jiangyin
15%
Jilin 1.53 Jilin
15%
Guangxi 1.97 Liuzhou
15%
Guangdong 1.03 Qingyuan
15%
Chongqing 1.1 Wanzhou
15%
Ningxia 1.5 Yinchuan
15%
Guizhou 1.22 Zunyi
15%
Liaoning 1.08 Benxi
10%
Inner Mongolia 1.1 Chifeng
10%
Hebei 1.59 Handan
10%
Jiangsu 1.99 Huai'an
10%
Anhui 1.47 Huaibei
10%
Guangdong 1.36 Maoming
10%
Fujian 1.41 Putian
10%
Jiangsu 1.89 Yangzhou
10%
Liaoning 1.02 Yingkou
10%
Henan 1.82 Anyang
5%
Shaanxi 1.15 Baoji
5%
Anhui 1.44 Bengbu
5%
Anhui 1.03 Fuyang
5%
Jiangxi 1.44 Ganzhou
5%
Henan 1.53 Jiaozuo
5%
Liaoning 1.1 Jinzhou
5%
Anhui 1.16 Ma'anshan
5%
Sichuan 1.46 Mianyang
5%
Sichuan 1.23 Nanchong
5%
Henan 1.24 Nanyang
5%
Henan 1.08 Pingdingshan
5%
Hebei 1.26 Qinhuangdao
5%
Heilongjiang 1.05 Qiqihar
5%
Shandong 1.2 Rizhao
5%
Anhui 1.04 Suzhou
5%
Shandong 1.41 Tai'an
5%
Shandong 1.03 Tengzhou
5%
Hunan 1.51 Xiangtan
5%
Hubei 1.82 Xiangyang
5%
Hebei 1.47 Xingtai
5%
Jiangsu 1.41 Yancheng
5%
Sichuan 1.06 Yibin
5%
Zhejiang 1.62 Yiwu
5%
Hebei 1.33 Zhangjiakou
5%
Jiangsu 1.14 Zhenjiang
5%
Hunan 1.25 Zhuzhou
5%
Zhejiang 1.1 Cangnan
0%
Hunan 1.18 Changde
0%
Jiangsu 1.07 Changshu
0%
Shanxi 1.16 Changzhi
0%
Hubei 1.2 Jingzhou
0%
Shandong 1.2 Jining
0%
Henan 1.21 Kaifeng
0%
Jiangsu 1.16 Lianyungang
0%
Liaoning 1.03 Panjin
0%
Jiangxi 1.02 Pingxiang
0%
Hunan 1.1 Shaoyang
0%
Jiangsu 1.05 Suqian
0%
Shandong 1.93 Weifeng
0%
Shandong 1.18 Weihai
0%
Anhui 1.39 Wuhu
0%
Hubei 1.36 Yichang
0%
Shandong 1.03 Zaozhuang
0%
No matching quizzes found
Score Distribution
Percent of People with Each Score
Percentile by Number Answered
Your Score History
You have not taken this quiz